| 000 | 00480cam a2200193ua 4500 | ||
|---|---|---|---|
| 001 | 3753 | ||
| 008 | 120216n ii |||gr||||Z||||||asm | ||
| 040 | _cMAIN | ||
| 082 | _a491.4515 | ||
| 100 |
_aBora, Jatin, _eAuthor. |
||
| 245 | 1 | 1 |
_aAlankar aru chada paricaya _cby Jatin Bora |
| 250 | _a1st. | ||
| 260 |
_aGuwahati: _bBani Prakash pvt. ltd.,994. |
||
| 300 |
_a177p: _c23cm. |
||
| 653 | _aAssamese | ||
| 653 | _aalankar aru chada paricaya | ||
| 653 | _aRhetorhe | ||
| 942 | _cBK | ||
| 999 |
_c3579 _d3579 |
||